Les cinq pays les plus et moins peuplés de chaque continent - Statistiques

Statistiques générales
  • Ce quiz a été pris 175 fois
  • Le résultat moyen est 51 sur 60
Statistiques - réponses
Réponse % Correct
France
97%
Allemagne
96%
Brésil
96%
Argentine
95%
Canada
95%
Chine
95%
États-Unis
95%
Italie
95%
Mexique
95%
Royaume-Uni
95%
Russie
95%
Colombie
94%
Inde
94%
Andorre
93%
Uruguay
93%
Vatican
93%
Egypte
92%
Nigeria
92%
Paraguay
92%
Suriname
92%
Australie
91%
Cuba
91%
Guyana
91%
Liechtenstein
91%
Monaco
91%
Pérou
91%
République Démocratique du Congo
91%
Vénézuela
91%
Bolivie
90%
Nouvelle-Zélande
90%
Indonésie
89%
Saint-Marin
89%
Bangladesh
87%
Pakistan
87%
Papouasie-Nouvelle-Guinée
86%
Afrique du Sud
85%
Cap-Vert
83%
Fidji
82%
Comores
80%
Ethiopie
80%
Guatemala
79%
Nauru
79%
Saint-Vincent-et-les-Grenadines
79%
Iles Marshall
78%
Saint-Christophe-et-Niévès
77%
Salomon
77%
Sao-Tome-et-Principe
77%
Tonga
77%
Tuvalu
77%
Dominique
75%
Palaos
75%
Antigua-et-Barbuda
74%
Grenade
74%
Seychelles
74%
Brunei
73%
Timor Oriental
70%
Bhoutan
68%
Djibouti
68%
Maldives
68%
Chypre
53%
Aucun quiz correspondant
Distribution des résultats
% des personnes avec chaque résultat
Percentile par nombre de réponses
Votre historique - résultats
Vous n’avez pas pris ce quiz